Statistics for Lowest population density

Click here to take the quiz!

General Stats

  • This quiz has been taken 10 times
    (3 since last reset)
  • The average score is 13 of 20

Answer Stats

DensityCountry% Correct
44Argentina
100%
9Australia
100%
11Canada
100%
6Mongolia
100%
23Russia
100%
30Bolivia
67%
39Chad
67%
11Guyana
67%
10Iceland
67%
19Kazakhstan
67%
10Libya
67%
8Namibia
67%
39Norway
67%
10Suriname
67%
12Botswana
33%
25Central african republic
33%
25Gabon
33%
13Mauritania
33%
39Oman
33%
36Turkmenistan
33%

Score Distribution

Percentile by Number Answered

Percent of People with Each Score

Your Score History

You have not taken this quiz since the last reset